Представление документа в формате MARC21

Поле Инд. ПП Название Значение
Тип записи a
Библиографический уровень b
001 Контрольный номер UNIDUBNA6c2e040c874c499b9efe7838a16aaf58
005 Дата корректировки 20240110175618.0
008 Кодируемые данные 20170331
040 b Код языка каталог. rus
e Правила каталог. PSBO
041 0_ a Код языка текста rus
084 a Индекс другой классификации/Индекс ББК 88.93
100 1_ a Автор Савченко А. В.
245 10 a Заглавие Опыт применения интерактивной песочницы на коррекционно-развивающих занятиях с детьми с ОВЗ [ограниченные возможности здоровья] дошкольного возраста
520 0_ a Аннотация Интерактивная песочница - это синтез современных технологий и технологий песочной терапии. В этом комплексе с помощью технологии дополнительной реальности обычный песок приобретает свойства превращения, что актуализирует познавательные возможности детей с ограниченными возможностями здоровья. Уникальность песочницы в том, что можно воздействовать сразу на несколько сенсоров. В таблице представлены темы 12 занятий, указаны их цели и задачи. Кратко описаны содержание занятий, формы и приемы работы, режимы интерактивной песочницы.
650 14 a Основная рубрика практическая психология (прикладная психология)
a Основная рубрика психокоррекция
a Основная рубрика психология
653 0_ a Ключевые слова дополненная реальность
a Ключевые слова дошкольники
a Ключевые слова игра
a Ключевые слова интерактивная песочница
a Ключевые слова когнитивная психотерапия
a Ключевые слова когнитивно-поведенческая терапия
a Ключевые слова комплексное сопровождение
a Ключевые слова коррекционно-развивающие занятия
a Ключевые слова коррекционно-реабилитационные технологии
a Ключевые слова ограниченные возможности здоровья
a Ключевые слова песочная терапия
a Ключевые слова познавательные процессы
a Ключевые слова психокоррекционные методики
a Ключевые слова психологическое сопровождение
a Ключевые слова психотерапевтические методы
a Ключевые слова реабилитационные центры
a Ключевые слова сенсорное развитие
a Ключевые слова социально-психологическое сопровождение
773 08 t Заглавие источника Работник социальной службы
d Дата издания источника 2022
g Прочая информация № 11. - С. 64 - 72
w Контрольный № источника UNIDUBNA8bd8192dbad048689c2ba491c1c5a80b
901 t Тип документа b